Trayectoria de una vida plena : Hno. Isacio Echeverría Jaunsarás (1921-1982) /
সংরক্ষণ করুন:
| প্রধান লেখক: | |
|---|---|
| বিন্যাস: | গ্রন্থ |
| ভাষা: | স্প্যানিশ |
| মালা: | (Biografías, Provincia Marista de Cataluña ;
7) |
| বিষয়গুলি: | |
| ট্যাগগুলো: |
কোনো ট্যাগ নেই, প্রথমজন হিসাবে ট্যাগ করুন!
|
MARC
| LEADER | 00000nam^a2200000^a^4500 | ||
|---|---|---|---|
| 001 | 000389777 | ||
| 005 | 20250623000000.0 | ||
| 009 | 20260310121130.111 | ||
| 037 | |a Acervo ITESO - Biblioteca | ||
| 041 | |a ESP | ||
| 082 | |a 255. 7920092 |b HUR | ||
| 100 | |a Hurtado Rodríguez, Enrique |e (autor) | ||
| 245 | 1 | 0 | |a Trayectoria de una vida plena : |b Hno. Isacio Echeverría Jaunsarás (1921-1982) / |c E. Hurtado Rodríguez. |
| 264 | |a Barcelona?, España : |b Provincia Marista de Cataluña, |c 1988 | ||
| 300 | |a 129 p. | ||
| 336 | |a texto |b txt |2 rdacontenido | ||
| 337 | |a sin mediación |b n |2 rdamedio | ||
| 338 | |a volumen |b nc |2 rdasoporte | ||
| 440 | 1 | |a (Biografías, Provincia Marista de Cataluña ; |v 7) | |
| 561 | |a Ex libris de CEMAR, Morelia, Mich. | ||
| 649 | |a XX | ||
| 650 | |a Maristas - |x Biografías | ||
| 650 | |a Maristas en la Educación - |z España | ||
| 650 | |a Educadores Españoles - |x Biografías | ||
| 650 | |a Iglesia y Educación - |z España | ||
| 650 | |a Iglesia Católica en España | ||
| 650 | |a Monasticismo y Ordenes Religiosas - |z España | ||
| 650 | |a Catolicismo - |z España | ||
| 650 | |a Cristianismo - |z España | ||
| 650 | |a Religión - |z España | ||
| 650 | |a Echeverría Jaunsarás, Isacio |x Tema Principal | ||
| 910 | |a Fondo General | ||
| 920 | |a Impresos - Libros | ||
| 930 | |a Colección General | ||
| 905 | |a 101 | ||
| 901 | |a 0500284555 |b IT1 |c ACC |d DT |i D82778 |u 20250623 | ||
| 902 | |a https://opac.biblio.iteso.mx/vufind/Record/000389777 | ||